Quizzes
Events
Quiz Creation
Community
Videos
Private Events
Remove Ads
Sign In
Join for FREE
Feedback
Dark Mode
Quiz Categories
Sports
Geography
Music
Movies
Television
Just For Fun
Miscellaneous
History
Literature
Language
Science
Gaming
Entertainment
Religion
Holiday
For Kids
Quiz Lab
Recent
Popular Today
Quiz Kudos Today
Editor Picks
Curator Picks
Quizzes by...
Day
Popularity
Type
Ratings
Length
Year
Community
Subscriptions
Recent Discussions
Orange Saloon
Badges
Playlists
Quests
Create
Leaderboards
Showdown
Live 5
Trivia Bingo
Activity
Puzzle Library
Sporcle Events
Private Events
Virtual Trivia
Globe League
Become a Host
Pub Owners
SporcleCon
Opinionation
Our Games
Videos
Blog
Mobile Apps
Partnerships
Remove Ads and Go Orange
Feedback
Television
TV Characters
TV Show
Sitcom
Network
Friends
Reality Shows
Cast
South Park
Star Trek
The Simpsons
Doctor Who
Television
TV Characters
TV Show
Sitcom
Network
Friends
Reality Shows
Cast
South Park
Star Trek
The Simpsons
Doctor Who
Random Quiz
Search Sporcle
×
Quiz Lab
Quiz Lab
Television
Little House
Type in answers that appear in a list
Type in answers that appear in a list
Classic
Best Score? Go Orange.
Little House on the Prairie Stats
Can you name the answers to these Little House on the Prairie questions?
By
riley93
8m
21 Questions
4,023 Plays
4,023 Plays
4,023 Plays
Comments
Comments
Give Quiz Kudos
Give Quiz Kudos
-
- Ratings
hide this ad
Replay
Link that replays current quiz
Next Quiz
Link to next quiz in quiz playlist
You Got
0%
They Got
Avg Score
51%
Avg Friend Score
Upgrade to see
Score Distribution
Jump to the score distribution portion of the page
Score
0/21
Timer
08:00
1
Play Today
Question
Answer
% Correct
Which Ingalls child goes blind?
Mary
99.5%
What is the name of the Ingalls' dog?
Jack
79.7%
Who owns the general store?
Nels and Harriet Olsen
76.2%
What religion is Nellie's husband?
Jewish
76.1%
When Walnut grove has a horse race, what child wins?
Laura
73.8%
Who does Mary marry?
Adam
72%
What state is Walnut Grove in?
Minnesota
66.9%
What do the schoolchildren want to get Rev. Alden for his birthday?
bible
56.5%
What is the name of Laura's childhood horse?
Bunny
56.4%
Who does Nellie Olsen marry?
Percival
55.9%
How many children to Caroline and Charles have?
eight
52.9%
Question
Answer
% Correct
What daughter do the Ingalls adopt
Cassandra
50.2%
What do Laura and Albert dress up like for Halloween?
indians
44.8%
In Little House: A New Beginning, what family moves into the Ingalls' house?
Carter
40.5%
What mythical creature does Albert portray to get rid of the school bully?
werewolf
35.6%
Which schoolteacher is Michael Landon's real life daughter?
Miss Plum
33.6%
What is the name of the baby Laura finds in the woods?
Grace
30.8%
What is Almanzo's youngest brothers name?
Perley Day
28.3%
Who does Miss Beadle marry?
Adam Simms
22.5%
Who dies in the blind school fire?
Mrs. Garvey
19.6%
What is the name of the student of Laura's that Almanzo punches because he thinks the student is making advances at Laura?
Chad
10.3%
Quiz Playlist
Details
Report
Send in Message
Add To Playlist
Classic:
Type in answers that appear in a list
Last Updated: Feb 16, 2017
Quiz Scoreboard
CHALLENGE
Sign Up to Join the Scoreboard
Show All
Scores
Hide
Comments
May contain spoilers
Recently Published
Decade Duel: World Leaders
by jenniferyan
History
4m
Alphabetical 'K' Countries by Flag Minefield
by ylime102
Geography
3m
Pick 6: Fruits
by JohnFran
Miscellaneous
15s
More to Explore
Quiz From the Vault
Featured Blog Post
15 Basketball Trivia Facts You Can Be March Mad About
hide this ad
You Might Also Like...
Tags
house
little
Little House
Today's Top Quizzes in Television
Browse Television
hide this ad
Top Contributed Quizzes in Television
1
Hidden Simpsons Character
2
First Name TV: Leading Men
3
Hidden Simpsons Character XXIV
4
Hidden Simpsons Character II
5
First Name TV: Leading Women Drama
6
Hidden Simpsons Character III
7
Hidden Simpsons Character XXV
8
Hidden Simpsons Character XXVI
9
Pick A Pair: Religious TV
10
One Piece Logic Puzzle
Explore More
Trending Topics
Disney
Crossword
NBA
Marvel
Anime
Kpop
Harry Potter
Soccer
The Office
Puzzle
NFL
Song
Country
WWE
Pokémon
hide this ad
More By:
riley93
Quiz
Plays
Rating
Category
Featured
Created
Little House on the Prairie
4,023
2.45
Television
Jan 11, 2011
Name that actress
361
3.17
Television
Jan 12, 2011
Name that actor
291
3.67
Movies
Jan 11, 2011
The Movie 'Up'
186
4.00
Movies
Jan 12, 2011
Go to Creator's Profile
Score Distribution
Quiz Creator Spotlight
riley93
Follow
Send a Message
Quizzes Created
-
Created Quiz Play Count
-
More By This Creator
Popular Quizzes Today
1
Countries of Asia Without Outlines Minefield
2
Find the US States - No Outlines Minefield
3
Pick 6: Fruits
4
Alphabetical 'K' Countries by Flag Minefield
5
The Countries of the World
6
Find the Countries of Europe - No Outlines Minefield
7
Find the US States
8
US States
More Television Quizzes
Click the Cartoon Grandma
Published
Trending Quizzes
Pick 6: Mountains
Pick 6: Harry Potter
Pick 6: Flags
Pick 6: NFL Teams
Pick 6: Movie Franchises
Recently Updated
Adaptations: Name the Title
pecheneg
NWSL Teams
pecheneg
Women's Final Four Teams by Year
bhenderson79
Presidents Quartet II
eogle
Anything But Clue(do)
eogle
Anything But Oceanian Capitals
eogle
Anything But 7
eogle
Anything But Thing
eogle
Word Ladder: February 29
pecheneg
Song Title Questions
pecheneg
Trending Topics
Harry Potter
Kpop
Marvel
Crossword
Disney
NBA
Anime
Country
NFL
WWE
Puzzle
Pokémon
Song
Soccer
The Office
Your Account Isn't Verified!
In order to create a playlist on Sporcle, you need to verify the email address you used during registration. Go to your
Sporcle Settings
to finish the process.
Report this User
Report this user for behavior that violates our
Community Guidelines
.
Details:
Send Report
Go to the Sporcle.com Mobile Site →
Comments